Ricostruisci la Carriera dell'Allenatore - Italia - Quiz n°4 - Statistics

Statistiche generali
  • Questo quiz è stato fatto 17 volte
  • Il punteggio medio è 8 su 14
Statistiche sulle risposte
Allenatore Carriera Squadra % Corretto
Walter Mazzarri Acireale 2001-2002, Pistoiese 2002-2003, Livorno 2003-2004, Reggina 2004-2007, Sampdoria 2007-2009, .......... 2009-2013, Inter 2013-2014, Watford 2016-2017, Torino 2018-2020, Cagliari 2021-2022 Napoli
88%
Vincenzo Montella Roma 2011, Catania 2011-2012, .......... 2012-2015, Sampdoria 2015-2016, Milan 2016-2017, Siviglia 2017-2018, Fiorentina 2019, Adana Demirspor 2021- Fiorentina
76%
Davide Ballardini Sambenedettese 2004-2005, Cagliari 2005, Pescara 2006, Cagliari 2007-2008, Palermo 2008-2009, Lazio 2009-2010, Genoa 2010-2011, Cagliari 2011-2012, Genoa 2013, Bologna 2014, Palermo 2015-2016, .......... 2017-2018, Genoa 2020-2021, Cremonese 2023- Genoa
76%
Eusebio Di Francesco Virtus Lanciano 2008-2009, Pescara 2010-2011, Lecce 2011, Sassuoo 2012-2014, .......... 2014-2017, Roma 2017-2019, Sampdoria 2019, Cagliari 2020-2021, Hellas Verona 2021 Sassuolo
76%
Andrea Mandorlini Manzanese 1993-1994, Triestina 1998-1999, Spezia 1999-2002, Vicenza 2002-2003, Atalanta 2003-2004, Bologna 2005-2006, Padova 2006-2007, Siena 2007, Sassuolo 2008-2009, CFR Cluj 2009-2010, .......... 2010-2015, Genoa 2017, Cremonese 2018, Padova 2020-2021 Hellas Verona
71%
Fabio Liverani Genoa 2013, Leyton Orient 2014-2015, Ternana 2017, .......... 2017-2020, Parma 2020-2021, Cagliari 2022 Lecce
71%
Stefano Colantuono Sambenedettese 2002-2003, Catania 2003-2004, Perugia 2004-2005, Atalanta 2005-2007, Palermo 2007, Palermo 2008, Torino 2009, Torino 2010, .......... 2010-2015, Udinese 2015-2016, Bari 2016-2017, Salernitana 2017-2018, Salernitana 2021-2022 Atalanta
65%
Luca Gotti Montebelluna 1999-2000, Pievigina 2000-2001, Bassano Virtus 2001-2004, Italia Under-17 2006-2008, Treviso 2008-2009, Triestina 2009, Udinese 2019-2021, .......... 2022-2023 Spezia
59%
Fabio Cannavaro Guangzhou Evergrande 2014-2015, Al-Nassr 2015-2016, Tianjin Quanjian 2016-2017, Guangzhou Evergrande 2017-2021, Cina 2019, .......... 2022-2023 Benevento
53%
Eugenio Corini Portogruaro-Summaga 2010, Crotone 2010-2011, Frosisone 2011-2012, Chievo 2012-2014, Palermo 2016-2017, Novara 2017-2018, .......... 2018-2020, Lecce 2020-2021, Brescia 2022, Palermo 2022- Brescia
41%
Alessio Dionisi Olginatese 2014, Borgosesia 2015-2017, Fiorenzuola 2017-2018, Imolese 2018-2019, Venezia 2019-2020, .......... 2020-2021, Sassuolo 2021- Empoli
35%
Massimo Oddo .......... 2015-2017, Udinese 2017-2018, Crotone 2018, Perugia 2019-2020, Perugia 2020, Pescara 2020, Padova 2022, SPAL 2023- Pescara
35%
Ilario Castagner .......... 1974-1980, Lazio 1980-1982, Milan 1982-1984, Inter 1984-1985, Ascoli 1986-1988, Pescara 1989, Pisa 1991-1992, Perugia 1993-1995, Perugia 1998-1999 Perugia
24%
Luigi Radice Monza 1966-1968, Treviso 1968-1969, Monza 1969-1971, Cesena 1971-1973, Fiorentina 1973-1974, Cagliari 1974-1975, .......... 1975-1980, Bologna 1980-1981, Milan 1981-1982, Bari 1983, Inter 1983-1984, Torino 1984-1988, Roma 1989-1990, Bologna 1990-1991, Fiorentina 1991-1993, Cagliari 1993, Genoa 1995-1996, Monza 1997 Torino
12%
Nessun quiz corrispondente trovato
Distribuzione punteggi
Percentuale di utenti per punteggio
Percentile per numero di risposta
I tuoi punteggi nel tempo
Non hai fatto questo quiz